Logo CIB grande

CUANDO EL EXITO ES DELITO: UN CASO DE VIOLACION DE DERECHOS HUMANOS EN ECUADOR: FILANBANCO (Registro nro. 230254)

Detalles MARC
000 -LEADER
campo de control de longitud fija 00582nam a2200217Ia 4500
005 - FECHA Y HORA DE LA ÚLTIMA TRANSACCIÓN
campo de control 20250425162504.0
008 - DATOS DE LONGITUD FIJA--INFORMACIÓN GENERAL
campo de control de longitud fija 250425s9999 xx 000 0 und d
020 ## - NÚMERO INTERNACIONAL ESTÁNDAR DEL LIBRO
Número Internacional Estándar del Libro 9781934804957
041 ## - CÓDIGO DE IDIOMA
Código de lengua del texto/banda sonora o título independiente spa
082 ## - NÚMERO DE LA CLASIFICACIÓN DECIMAL DEWEY
Número de clasificación 341.481
010 ## - NÚMERO DE CONTROL DE LA BIBLIOTECA DEL CONGRESO
Número de control de LC 77460
100 ## - ENTRADA PRINCIPAL--NOMBRE DE PERSONA
Nombre de persona VALENCIA GRANADA, ALBERTO
245 #0 - MENCIÓN DEL TÍTULO
Título CUANDO EL EXITO ES DELITO: UN CASO DE VIOLACION DE DERECHOS HUMANOS EN ECUADOR: FILANBANCO
250 ## - MENCION DE EDICION
Mención de edición 1A ED.
260 ## - PUBLICACIÓN, DISTRIBUCIÓN, ETC.
Lugar de publicación, distribución, etc. Estados Unidos
Nombre del editor, distribuidor, etc. ALEXANDRIA LIBRARY
Fecha de publicación, distribución, etc. 2010
260 ## - PUBLICACIÓN, DISTRIBUCIÓN, ETC.
Lugar de publicación, distribución, etc. MIAMI
300 ## - DESCRIPCIÓN FÍSICA
Extensión 192
650 ## - PUNTO DE ACCESO ADICIONAL DE MATERIA--TÉRMINO DE MATERIA
Término de materia o nombre geográfico como elemento de entrada DERECHOS HUMANOS
650 ## - PUNTO DE ACCESO ADICIONAL DE MATERIA--TÉRMINO DE MATERIA
Término de materia o nombre geográfico como elemento de entrada ECUADOR
942 ## - ELEMENTOS DE ENTRADA SECUNDARIOS (KOHA)
Tipo de ítem Koha Libros
Existencias
Estatus retirado Estado de pérdida Estado de daño No para préstamo Biblioteca de origen Biblioteca actual Fecha de adquisición Coste, precio normal de compra Total de préstamos Código de barras Copia número Tipo de ítem Koha
        CENTRO DE INFORMACIÓN BIBLIOTECARIA CENTRO DE INFORMACIÓN BIBLIOTECARIA 13/06/2011 10.00   D-91217 1 Libros

Copyright 2025 ESPOL. Todos los derechos reservados.